000
00304nam a22001217a 4500
008
230626b xxu||||| |||| 00| 0 eng d
082
_a
328.7
_b
DUN
100
_b
Phil Duncan
245
_a
Politics in America 1994
_b
The 103rd Congress
260
_a
US
_c
1994
_b
CQ Press
300
_a
1747p
942
_2
ddc
_c
BK
999
_c
2576
_d
2576